Utilization of dry sweet potato vine in concentrate on growth of quail at animal experimental station of royal university of agriculture, ការប្រើប្រាស់ទងដំឡូងជ្វាស្ងួតក្នុងចំណីផ្សំលើការលូតលាស់ក្រូចនភស្ថានីយ៍ពិសោធន៍សត្វនៃសាកលវិទ្យាល័យភូមិន្ទកសិកម្ម (Record no. 2071)

000 -LEADER
fixed length control field 00824nam a22001577a 4500
003 - CONTROL NUMBER IDENTIFIER
control field OSt
005 - DATE AND TIME OF LATEST TRANSACTION
control field 20151006154802.0
008 - FIXED-LENGTH DATA ELEMENTS--GENERAL INFORMATION
fixed length control field 151006b xxu||||| |||| 00| 0 eng d
040 ## - CATALOGING SOURCE
Transcribing agency RUA
082 ## - DEWEY DECIMAL CLASSIFICATION NUMBER
Classification number AVM TRY 2006 B076 Or.1
100 ## - MAIN ENTRY--PERSONAL NAME
9 (RLIN) 2199
Personal name TRY, KIMSON.
245 ## - TITLE STATEMENT
Title Utilization of dry sweet potato vine in concentrate on growth of quail at animal experimental station of royal university of agriculture, ការប្រើប្រាស់ទងដំឡូងជ្វាស្ងួតក្នុងចំណីផ្សំលើការលូតលាស់ក្រូចនភស្ថានីយ៍ពិសោធន៍សត្វនៃសាកលវិទ្យាល័យភូមិន្ទកសិកម្ម
260 ## - PUBLICATION, DISTRIBUTION, ETC. (IMPRINT)
Place of publication, distribution, etc. Phnom Penh
Name of publisher, distributor, etc. RUA
Date of publication, distribution, etc. 2006
300 ## - PHYSICAL DESCRIPTION
Extent 38p.
Other physical details ill.
Dimensions 29cm.
942 ## - ADDED ENTRY ELEMENTS (KOHA)
Source of classification or shelving scheme
Koha item type AVM
Holdings
Price effective from Date last seen Permanent Location Not for loan Date acquired Source of classification or shelving scheme Koha item type Lost status Withdrawn status Total Renewals Date last checked out Total Checkouts Shelving location Damaged status Barcode Current Location Full call number
2015-10-062023-10-18Library Block B 2015-10-06 AVM   2023-09-254B076 RUA007990Library Block BAVM TRY 2006 B076 Or.1
2015-10-062025-05-26Library Block B 2015-10-06 AVM  22025-05-122B076 RUA007835Library Block BAVM TRY 2006 B076 Or.2
2015-10-062015-10-06Library Block B 2015-10-06 AVM     B076 RUA007664Library Block BAVM TRY 2006 B076 Or.3
2015-10-062024-06-06Library Block B 2015-10-06 AVM   2024-05-283B076 RUA007845Library Block BAVM TRY 2006 B076 Or.4
2015-10-062015-10-06Library Block B 2015-10-06 AVM     B076 RUA008417Library Block BAVM TRY 2006 B076 Or.5
មជ្ឈមណ្ឌលឯការនៃសាកលវិទ្យាល័យភូមិន្ទកសិកម្មចំការដូង

Powered by Koha